000 00558nam a2200181 a 4500
005 20140412111235.0
008 010329s19uu xx 00 eng d
020 _a0-673-23530-0
050 _aTR(GS 510
_bSe149 1987
100 _aShepardson, Richard D.
245 _aInvitation to mathematics: K :
_cRichard D. Shepardson.
_bpractice duplicating masters /
250 _aTeacher Edition
260 _aGlenvies, Illinois :
_bScott, Foresman and Company,
_c1987.
300 _aP56 p.
440 _aScottForesman
650 _aMathematics
999 _c102401
_d102401